Исследование когерентного излучения Вавилова-Черенкова в миллиметровом диапозоне длин волн; Современные техника и технологии; Т. 3

Dettagli Bibliografici
Parent link:Современные техника и технологии: сборник трудов XV Международной научно-практической конференции студентов, аспирантов и молодых ученых, Томск, 4-8 мая 2009 г/ Национальный исследовательский Томский политехнический университет (ТПУ).— , 2009
Т. 3.— 2009.— [С. 126-128]
Autore principale: Шевелев М. В. Михаил Викторович
Altri autori: Науменко Г. А. Геннадий Андреевич (научный руководитель), Попов Ю. А. Юрий Анатольевич
Riassunto:Заглавие с титульного листа
Электронная версия печатной публикации
Lingua:russo
Pubblicazione: 2009
Serie:Физические методы в науке и технике
Soggetti:
Accesso online:http://www.lib.tpu.ru/fulltext/c/2009/C01/V3/151.pdf
Natura: MixedMaterials Elettronico Capitolo di libro
KOHA link:https://koha.lib.tpu.ru/cgi-bin/koha/opac-detail.pl?biblionumber=246226

MARC

LEADER 00000naa2a2200000 4500
001 246226
005 20260116091256.0
035 |a (RuTPU)RU\TPU\book\267669 
035 |a RU\TPU\book\265114 
090 |a 246226 
100 |a 20131126d2009 k y0rusy50 ca 
101 0 |a rus 
102 |a RU 
135 |a drnn ---uucaa 
181 0 |a i  
182 0 |a b 
200 1 |a Исследование когерентного излучения Вавилова-Черенкова в миллиметровом диапозоне длин волн  |f М. В. Шевелев, Г. А. Науменко, Ю. А. Попов  |g науч. рук. Г. А. Науменко 
203 |a Текст  |c электронный 
215 |a 1 файл (410 Кб) 
225 1 |a Физические методы в науке и технике 
300 |a Заглавие с титульного листа 
300 |a Электронная версия печатной публикации 
320 |a [Библиогр.: 2 назв.] 
337 |a Adobe Reader 
461 0 |0 (RuTPU)RU\TPU\book\261117  |t Современные техника и технологии  |o сборник трудов XV Международной научно-практической конференции студентов, аспирантов и молодых ученых, Томск, 4-8 мая 2009 г  |o в 3 т.  |f Национальный исследовательский Томский политехнический университет (ТПУ)  |d 2009 
463 0 |0 (RuTPU)RU\TPU\book\262639  |t Т. 3  |v [С. 126-128]  |d 2009 
610 1 |a математические модели 
610 1 |a объекты управления 
610 1 |a излучение Вавилова-Черенкова 
610 1 |a волны 
610 1 |a когерентное излучение 
700 1 |a Шевелев  |b М. В.  |c физик  |c инженер-исследователь Томского политехнического университета  |f 1985-  |g Михаил Викторович  |3 (RuTPU)RU\TPU\pers\28692 
701 1 |a Науменко  |b Г. А.  |c физик  |c ведущий научный сотрудник Томского политехнического университета  |f 1947-  |g Геннадий Андреевич  |3 (RuTPU)RU\TPU\pers\26566 
701 1 |a Попов  |b Ю. А.  |c физик  |c инженер-проектировщик Томского политехнического университета  |f 1985-  |g Юрий Анатольевич  |3 (RuTPU)RU\TPU\pers\30572 
702 1 |a Науменко  |b Г. А.  |c физик  |c ведущий научный сотрудник Томского политехнического университета  |f 1947-  |g Геннадий Андреевич  |3 (RuTPU)RU\TPU\pers\26566  |4 727 
801 1 |a RU  |b 63413507  |c 20130617 
801 2 |a RU  |b 63413507  |c 20160209  |g RCR 
856 4 |u http://www.lib.tpu.ru/fulltext/c/2009/C01/V3/151.pdf 
942 |c CF